Top 20 IQ's of Fruits - Statistics

General Stats
  • This quiz has been taken 6,393 times
  • The average score is 11 of 20
Answer Stats
IQ fruit % Correct
3.44 apple
94%
2.87 banana
92%
2.84 orange
84%
2.81 strawberry
77%
2.71 grape
76%
2.79 blueberry
67%
2.56 pear
66%
2.63 watermelon
63%
2.52 kiwifruit
59%
2.40 pineapple
59%
2.89 peach
57%
3.21 raspberry
57%
4.02 cherry
50%
3.31 lime
47%
3.30 apricot
29%
3.07 guava
27%
2.76 papaya
26%
2.22 cranberry
20%
2.27 date
15%
2.81 gooseberry
11%
No matching quizzes found
Score Distribution
Percent of People with Each Score
Percentile by Number Answered
Your Score History
You have not taken this quiz